000 00737nam a2200241Ia 4500
003 GCL
008 140319s9999 xx 000 0 ara d
040 _aGCL /
_cGCL
082 0 4 _a813.081
_bج ا
100 1 _aجرجى زيدان
245 1 0 _aابومسلم الخرسانى /
_cجرجى زيدان
250 _aالثانية
260 _aبيروت :
_bدار الجيل
300 _a270 ص ؛
_c18سم
490 _aروايات التاريخ الاسلامى
_v0
650 0 4 _aالادب العربى
650 0 4 _aالقصص العربية
650 0 4 _aالاسلام
650 0 4 _aالقصص التاريخية
650 0 4 _aالمجموعات
650 0 4 _aابو مسلم الخرسانى
942 _2ddc
_cBK
999 _c56164
_d56164